Komplexné ponímanie povodní

Združenie miest a obcí Slovenska na stretnutí so zástupcami poistného sektora. Príprava a aplikácie systému modelových riešení na území obcí a ich povodí. Koncepcia integrovaného manažmentu vodných zdrojov.

Salvato in:
Dettagli Bibliografici
Autore principale: Jacková, Eva
Natura: Capitolo di libro
Lingua:slovacco
Soggetti:
Tags: Aggiungi Tag
Nessun Tag, puoi essere il primo ad aggiungerne!!

MARC

LEADER 00000naa$a2200000$$$4500
001 0116633
005 20231107122616.4
041 0 |a slo 
044 |a SK 
245 1 0 |a Komplexné ponímanie povodní  |c Eva Jacková 
520 |a Združenie miest a obcí Slovenska na stretnutí so zástupcami poistného sektora. Príprava a aplikácie systému modelových riešení na území obcí a ich povodí. Koncepcia integrovaného manažmentu vodných zdrojov. 
610 2 0 |a poisťovníctvo 
610 2 0 |a poistenie neživotné 
610 2 0 |a zmluvy poistné 
610 2 0 |a udalosti poistné 
610 2 0 |a riziko poistné 
610 2 0 |a povodne 
610 2 0 |a rozvoj trvalo udržateľný 
100 1 |a Jacková, Eva